[Event "Montcalm op"]
[Site "Quebec CAN"]
[Date "2001.03.04"]
[Round "4"]
[White "Brunet, Dominique"]
[Black "Lacroix, Serge"]
[Result "1-0"]
[WhiteElo "1715"]
[BlackElo "2021"]
[PlyCount "113"]
[EventDate "2001.03.02"]
[EventType "swiss"]
[EventRounds "5"]
[EventCountry "CAN"]

1. e4 e5 2. Nf3 Nc6 3. Bc4 Nf6 4. d3 Be7 5. c3 d6 6. h3 O-O 7. O-O a6 8. a3 Na5
9. Ba2 c5 10. Re1 Nc6 11. Nbd2 Be6 12. Nf1 Qd7 13. Ng3 Rfe8 14. Nh2 Bxa2 15.
Rxa2 d5 16. Qf3 dxe4 17. dxe4 Rad8 18. Nf5 Qd3 19. Bg5 Qc4 20. Raa1 Rd3 21. Qe2
Red8 22. Nf3 Qe6 23. Rad1 Rxd1 24. Rxd1 Rxd1+ 25. Qxd1 Bf8 26. Qe2 Ne7 27.
Nxe7+ Bxe7 28. Bxf6 Bxf6 29. c4 g6 30. Ne1 Be7 31. b3 Qd7 32. Qd3 Qd4 33. Kf1
Bg5 34. Ke2 h5 35. Qc2 Bh6 36. a4 f6 37. Qd3 Bc1 38. Qxd4 cxd4 39. Nd3 Ba3 40.
b4 a5 41. bxa5 Bd6 42. c5 Bc7 43. c6 bxc6 44. a6 Bb6 45. a5 Ba7 46. Nb4 Kf7 47.
Nxc6 Bc5 48. a7 Bxa7 49. Nxa7 Ke6 50. Nb5 Kd7 51. a6 Kc6 52. a7 Kb7 53. Kd3 f5
54. exf5 gxf5 55. Nxd4 exd4 56. Kxd4 Kxa7 57. Ke5 1-0

[Event "Montcalm op"]
[Site "Quebec CAN"]
[Date "2001.03.04"]
[Round "4"]
[White "Lacroix, Serge"]
[Black "Larochelle, Martial"]
[Result "0-1"]
[WhiteElo "2021"]
[BlackElo "2123"]
[PlyCount "98"]
[EventDate "2001.03.02"]
[EventType "swiss"]
[EventRounds "5"]
[EventCountry "CAN"]

1. e4 c5 2. Nf3 d6 3. d4 cxd4 4. Nxd4 Nf6 5. Nc3 a6 6. Bg5 e6 7. f4 Nc6 8. Qd2
h6 9. Bxf6 Qxf6 10. Nb3 g5 11. g3 gxf4 12. gxf4 Qh4+ 13. Qf2 Qxf2+ 14. Kxf2 Bg7
15. Rd1 Bxc3 16. bxc3 Ke7 17. Rg1 Bd7 18. Rg3 Rad8 19. Be2 Nb8 20. Ke3 Rc8 21.
Kd2 Bc6 22. Bd3 Nd7 23. Re1 e5 24. fxe5 Nxe5 25. Nd4 Bd7 26. Rb1 b5 27. a4 bxa4
28. Bxa6 Ra8 29. Bb5 Rhb8 30. Rb4 Bxb5 31. Rxb5 Rxb5 32. Nxb5 a3 33. Nxa3 Rxa3
34. Rh3 Ra4 35. Rxh6 Rxe4 36. h3 Rh4 37. Rxh4 Nf3+ 38. Ke3 Nxh4 39. Kf4 Kf6 40.
Kg4 Nf5 41. Kf4 Ne7 42. c4 Kg6 43. Kg4 f5+ 44. Kh4 Kh6 45. Kg3 Ng6 46. Kf2 Kg5
47. Ke3 f4+ 48. Kd4 f3 49. Kd5 f2 0-1

[Event "Carnaval U2000"]
[Site "Quebec CAN"]
[Date "2001.02.11"]
[Round "4"]
[White "Pageau, Roger"]
[Black "Lacroix, Serge"]
[Result "1/2-1/2"]
[WhiteElo "1865"]
[BlackElo "1947"]
[PlyCount "86"]
[EventDate "2001.02.09"]
[EventType "swiss"]
[EventRounds "5"]
[EventCountry "CAN"]

1. d4 Nf6 2. Nf3 e6 3. Bg5 h6 4. Bh4 c5 5. e3 Qb6 6. b3 d5 7. c3 cxd4 8. exd4
Bd7 9. Bd3 Bb5 10. O-O Bxd3 11. Qxd3 Nbd7 12. Nbd2 Be7 13. Rfe1 g5 14. Bg3 Nh5
15. Ne5 Nxg3 16. hxg3 Nxe5 17. Rxe5 O-O-O 18. Rae1 Rd7 19. g4 Bf6 20. R5e3 h5
21. gxh5 Rxh5 22. Rf3 Qd8 23. Rh3 Qh8 24. Rxh5 Qxh5 25. Qf3 Qxf3 26. Nxf3 Rc7
27. Re3 g4 28. Ne5 Bg5 29. Rd3 f5 30. a4 Bf4 31. Ng6 Bd6 32. g3 Rg7 33. Nf4
Bxf4 34. gxf4 a5 35. Kg2 Rh7 36. Re3 Kd7 37. c4 dxc4 38. bxc4 Kd6 39. Rb3 Kc6
40. Rb5 Rd7 41. Rc5+ Kb6 42. Rb5+ Kc6 43. Rc5+ Kb6 1/2-1/2

[Event "Carnaval U2000"]
[Site "Quebec CAN"]
[Date "2001.02.11"]
[Round "5"]
[White "Lacroix, Serge"]
[Black "L'Heureux, Clement"]
[Result "1-0"]
[WhiteElo "1947"]
[BlackElo "1873"]
[PlyCount "70"]
[EventDate "2001.02.09"]
[EventType "swiss"]
[EventRounds "5"]
[EventCountry "CAN"]

1. e4 c5 2. Nf3 Nc6 3. d4 cxd4 4. Nxd4 Nf6 5. Nc3 e5 6. Ndb5 d6 7. Bg5 a6 8.
Bxf6 gxf6 9. Na3 b5 10. Nd5 f5 11. exf5 Bxf5 12. c3 Bg7 13. Qf3 Be6 14. Bd3
Bxd5 15. Qxd5 Ne7 16. Qf3 O-O 17. Bf5 d5 18. O-O Qb6 19. Qh3 Qh6 20. Nc2 Qxh3
21. Bxh3 f5 22. f4 e4 23. a4 bxa4 24. Rxa4 Rfb8 25. Ra2 Rb6 26. Ne3 d4 27. Nxf5
Nxf5 28. Bxf5 dxc3 29. bxc3 e3 30. Rc1 Rb3 31. Re2 Bxc3 32. g4 Bd2 33. Rc7 Kf8
34. Rxh7 Re8 35. h4 Rb5 1-0

[Event "Bonne annee"]
[Site "Levis CAN"]
[Date "2001.01.06"]
[Round "5"]
[White "Lacroix, Serge"]
[Black "Soudre, Nicolas"]
[Result "1/2-1/2"]
[WhiteElo "1922"]
[BlackElo "2191"]
[PlyCount "35"]
[EventDate "2001.01.04"]
[EventType "swiss"]
[EventRounds "5"]
[EventCountry "CAN"]

1. e4 Nc6 2. d4 e5 3. dxe5 Nxe5 4. Nf3 Qf6 5. Nxe5 Qxe5 6. Qd5 Qxd5 7. exd5 Nf6
8. c4 c6 9. dxc6 dxc6 10. Bd3 Bb4+ 11. Bd2 Bxd2+ 12. Nxd2 Be6 13. O-O-O O-O-O
14. Be2 Rhe8 15. Bf3 Rd4 16. b3 Red8 17. h3 Bf5 18. Rhe1 1/2-1/2

[Event "Pere Noel"]
[Site "Montreal CAN"]
[Date "2000.12.26"]
[Round "1"]
[White "Moisan-Plante, Marc-Olivier"]
[Black "Lacroix, Serge"]
[Result "1-0"]
[WhiteElo "2208"]
[BlackElo "2026"]
[PlyCount "75"]
[EventDate "2000.12.26"]
[EventType "swiss"]
[EventRounds "5"]
[EventCountry "CAN"]

1. e4 e5 2. f4 exf4 3. Nf3 Be7 4. Nc3 Nf6 5. d4 d5 6. exd5 Nxd5 7. Nxd5 Qxd5 8.
c4 Qe4+ 9. Kf2 Bg4 10. Bd3 Bh4+ 11. g3 Qxf3+ 12. Qxf3 Bxf3 13. Re1+ Be7 14.
Kxf3 fxg3 15. Bf4 Nc6 16. d5 Nd4+ 17. Kxg3 Kd7 18. Bxc7 Bd6+ 19. Bxd6 Kxd6 20.
Rf1 Rhe8 21. Rfe1 f6 22. Kf2 g6 23. Re3 Rxe3 24. Kxe3 Ke5 25. Kd2 f5 26. Kc3
Nb5+ 27. cxb5 Kxd5 28. Re1 Rc8+ 29. Kd2 Rc7 30. Re8 b6 31. h4 Rg7 32. Ke3 Rc7
33. b3 Kc5 34. a3 Rg7 35. Re6 Rd7 36. Rc6+ Kd5 37. Bc4+ Ke5 38. Re6# 1-0

[Event "Pere Noel"]
[Site "Montreal CAN"]
[Date "2000.12.27"]
[Round "2"]
[White "Lacroix, Serge"]
[Black "Proulx, Denis"]
[Result "0-1"]
[WhiteElo "2026"]
[BlackElo "1917"]
[Annotator "Incomplete"]
[PlyCount "55"]
[EventDate "2000.12.26"]
[EventType "swiss"]
[EventRounds "5"]
[EventCountry "CAN"]

1. e4 c5 2. Nf3 d6 3. d4 cxd4 4. Nxd4 Nf6 5. Nc3 a6 6. Bg5 e6 7. f4 Qc7 8. Qf3
b5 9. Bxf6 gxf6 10. O-O-O Nd7 11. f5 Ne5 12. Qh5 b4 13. Nce2 Qc5 14. Nf4 Ke7
15. Qh3 Nc6 16. Nxc6+ Qxc6 17. Bd3 Qc5 18. fxe6 Qg5 19. Qe3 fxe6 20. h4 Qc5 21.
Qxc5 dxc5 22. Kb1 Bh6 23. Nh5 Be3 24. c3 Kf7 25. Kc2 Rg8 26. g3 Ke7 27. Bc4 Rb8
28. Kd3 {etc.} 0-1

[Event "Pere Noel"]
[Site "Montreal CAN"]
[Date "2000.12.28"]
[Round "3"]
[White "Dubuc, Gabriel"]
[Black "Lacroix, Serge"]
[Result "0-1"]
[WhiteElo "1913"]
[BlackElo "2026"]
[Annotator "Incomplete"]
[PlyCount "50"]
[EventDate "2000.12.26"]
[EventType "swiss"]
[EventRounds "5"]
[EventCountry "CAN"]

1. e4 e5 2. f4 exf4 3. Nf3 Be7 4. Bc4 Nf6 5. Nc3 Nxe4 6. Bxf7+ Kxf7 7. Nxe4 Rf8
8. O-O d5 9. Nf2 Nc6 10. d4 Kg8 11. Nd3 g5 12. Nde5 Bf5 13. Nxc6 bxc6 14. Ne5
Qd6 15. Qe2 Bf6 16. h4 h6 17. hxg5 hxg5 18. Qh5 Bxe5 19. dxe5 Qg6 20. Qxg6+
Bxg6 21. g3 fxg3 22. Bxg5 Bxc2 23. Bh4 Rab8 24. b3 d4 25. Bxg3 d3 {etc.} 0-1

[Event "Lac Beauport U2000"]
[Site "Lac Beauport CAN"]
[Date "2000.11.10"]
[Round "1"]
[White "Bergeron, Michel"]
[Black "Lacroix, Serge"]
[Result "0-1"]
[WhiteElo "1681"]
[BlackElo "1976"]
[Annotator "Incomplete"]
[PlyCount "54"]
[EventDate "2000.11.10"]
[EventType "swiss"]
[EventRounds "5"]
[EventCountry "CAN"]

1. Nf3 Nf6 2. d4 e6 3. Bg5 h6 4. Bh4 c5 5. Nbd2 g5 6. Bg3 g4 7. Ne5 cxd4 8. Bh4
Be7 9. Bxf6 Bxf6 10. Nxg4 Bg7 11. h3 h5 12. Nh2 Nc6 13. Nhf3 d5 14. a3 a5 15.
Rb1 a4 16. g3 e5 17. Bg2 e4 18. Nh2 Qc7 19. Nhf1 h4 20. g4 e3 21. fxe3 dxe3 22.
Nf3 d4 23. Qd3 Be6 24. Kd1 Ra5 25. g5 Bf5 26. Qc4 Qe7 27. Rc1 Bg6 {etc.} 0-1

[Event "Lac Beauport U2000"]
[Site "Lac Beauport CAN"]
[Date "2000.11.11"]
[Round "2"]
[White "Lacroix, Serge"]
[Black "Cote, Jocelyn"]
[Result "1-0"]
[WhiteElo "1976"]
[BlackElo "1836"]
[PlyCount "72"]
[EventDate "2000.11.10"]
[EventType "swiss"]
[EventRounds "5"]
[EventCountry "CAN"]

1. e4 c5 2. Nf3 d6 3. d4 cxd4 4. Nxd4 Nf6 5. Nc3 a6 6. Bg5 e6 7. f4 Be7 8. Qf3
Qc7 9. O-O-O Nbd7 10. g4 b5 11. Bxf6 Nxf6 12. g5 Nd7 13. f5 Nc5 14. f6 gxf6 15.
gxf6 Bf8 16. Bh3 b4 17. Nd5 exd5 18. exd5 Nd7 19. Nc6 Ne5 20. Rhe1 Bxh3 21.
Nxe5 dxe5 22. d6 Qc8 23. Rxe5+ Kd8 24. d7 Bxd7 25. Qe3 Qc6 26. Red5 h5 27. Qe4
Bh6+ 28. Kb1 Qxd5 29. Qxd5 Ra7 30. Qxf7 Kc8 31. Qc4+ Kb8 32. Qxb4+ Rb7 33. Qd6+
Ka7 34. Qc5+ Kb8 35. Qxh5 Bc8 36. b3 Rb5 1-0

[Event "Lac Beauport U2000"]
[Site "Lac Beauport CAN"]
[Date "2000.11.11"]
[Round "3"]
[White "Delisle, Louis-Martin"]
[Black "Lacroix, Serge"]
[Result "0-1"]
[WhiteElo "1729"]
[BlackElo "1976"]
[PlyCount "120"]
[EventDate "2000.11.10"]
[EventType "swiss"]
[EventRounds "5"]
[EventCountry "CAN"]

1. d4 Nf6 2. Bg5 e6 3. Nd2 h6 4. Bh4 c5 5. dxc5 Bxc5 6. e4 g5 7. Bg3 d6 8. Bb5+
Bd7 9. Qe2 Nc6 10. Nb3 a6 11. Bxc6 Bxc6 12. f3 Nh5 13. O-O-O Nxg3 14. hxg3 Qf6
15. Nxc5 dxc5 16. Qe3 Qe7 17. Ne2 Rd8 18. Rxd8+ Kxd8 19. Rd1+ Kc8 20. Qc3 f6
21. g4 h5 22. Rh1 h4 23. Rd1 Rd8 24. Rxd8+ Kxd8 25. Qd2+ Kc8 26. Nc3 Qd7 27.
Qxd7+ Kxd7 28. Kd2 b5 29. Nd1 Kd6 30. Ke3 Ke5 31. c3 f5 32. gxf5 exf5 33. exf5
Kxf5 34. Nf2 a5 35. a3 Ke5 36. Nd3+ Kd5 37. Nc1 Kc4 38. Kf2 a4 39. Ke3 b4 40.
cxb4 cxb4 41. axb4 Kxb4 42. Ne2 Bb7 43. Nc1 Kc4 44. Kf2 Kd4 45. Na2 Kd3 46.
Nb4+ Kc4 47. Na2 Kb3 48. Nc3 Bc6 49. Ke3 a3 50. bxa3 Kxc3 51. a4 Kc4 52. a5 Kd5
53. a6 Ke5 54. a7 Kf5 55. Kf2 Kf4 56. Kg1 Kg3 57. Kh1 h3 58. Kg1 h2+ 59. Kh1
Ba8 60. f4 Bxg2# 0-1

[Event "Lac Beauport U2000"]
[Site "Lac Beauport CAN"]
[Date "2000.11.12"]
[Round "4"]
[White "Trottier, Julie"]
[Black "Lacroix, Serge"]
[Result "1/2-1/2"]
[WhiteElo "1963"]
[BlackElo "1976"]
[PlyCount "101"]
[EventDate "2000.11.10"]
[EventType "swiss"]
[EventRounds "5"]
[EventCountry "CAN"]

1. d4 Nf6 2. Nf3 e6 3. c4 Bb4+ 4. Bd2 Qe7 5. Nc3 Bxc3 6. bxc3 Ne4 7. g3 O-O 8.
Bg2 d6 9. O-O Nxd2 10. Nxd2 c5 11. Qc2 e5 12. Nb3 Nc6 13. e3 g6 14. Rfe1 Bf5
15. Qb2 Rab8 16. Qa3 cxd4 17. cxd4 exd4 18. exd4 Qd7 19. Re3 Rfe8 20. Rae1 Rxe3
21. Rxe3 Re8 22. Qb2 Rxe3 23. fxe3 Qe7 24. Qf2 Be4 25. Qf4 Bxg2 26. Kxg2 Nb4
27. Nc1 Qc7 28. c5 Qc6+ 29. Qf3 dxc5 30. Qxc6 bxc6 31. dxc5 Kf8 32. Kf3 Ke7 33.
Ke4 Ke6 34. g4 f5+ 35. gxf5+ gxf5+ 36. Kd4 Nc2+ 37. Kd3 Ne1+ 38. Ke2 Ng2 39.
Kf3 Nh4+ 40. Kf4 Ng6+ 41. Kg5 Ne5 42. h4 Ng4 43. Kf4 Ne5 44. Nb3 Kf6 45. Kg3
Nd3 46. Nd4 Nxc5 47. Nxc6 a6 48. Nb4 Ke5 49. Kf3 Kf6 50. Kf4 h6 51. Nc6 1/2-1/2

[Event "Lac Beauport U2000"]
[Site "Lac Beauport CAN"]
[Date "2000.11.12"]
[Round "5"]
[White "Lacroix, Serge"]
[Black "Lopez, Jose"]
[Result "1-0"]
[WhiteElo "1976"]
[BlackElo "1719"]
[PlyCount "99"]
[EventDate "2000.11.10"]
[EventType "swiss"]
[EventRounds "5"]
[EventCountry "CAN"]

1. e4 c5 2. Nf3 d6 3. d4 cxd4 4. Nxd4 Nf6 5. Nc3 a6 6. Bg5 e6 7. f4 Be7 8. Qf3
Qc7 9. O-O-O Nc6 10. g4 Nxd4 11. Rxd4 e5 12. Bxf6 Bxf6 13. Rc4 Qd8 14. f5 b5
15. Rb4 Bd7 16. Nd5 Bg5+ 17. Kb1 Bc6 18. Rb3 Bxd5 19. exd5 O-O 20. h4 Bf4 21.
Bg2 Qb6 22. Rc3 Rfc8 23. Rc6 Qb7 24. g5 Rd8 25. f6 g6 26. Qg4 Qa7 27. Be4 Qd7
28. Qg2 Ra7 29. h5 Qe8 30. Qg4 Qd7 31. Qh4 Qe8 32. Bf3 Rc8 33. hxg6 fxg6 34.
Rxc8 Qxc8 35. Bg4 Qf8 36. Be6+ Kh8 37. Rh3 Rc7 38. f7 Rxf7 39. Bxf7 Qxf7 40.
Rc3 h5 41. gxh6 Kh7 42. a3 Qd7 43. Rc6 b4 44. Qh1 a5 45. Ra6 a4 46. Ra8 g5 47.
Qe4+ Kxh6 48. Rg8 Qg7 49. Rxg7 Kxg7 50. Qf5 1-0

[Event "Outaouais op"]
[Site "Hull CAN"]
[Date "2000.11.03"]
[Round "1"]
[White "Schleifer, Michael"]
[Black "Lacroix, Serge"]
[Result "1-0"]
[WhiteElo "2393"]
[BlackElo "1980"]
[PlyCount "25"]
[EventDate "2000.11.03"]
[EventType "swiss"]
[EventRounds "5"]
[EventCountry "CAN"]

1. d4 Nf6 2. c4 e6 3. Nc3 Bb4 4. Qc2 c5 5. e3 Nc6 6. Nf3 O-O 7. Be2 d6 8. O-O
Bxc3 9. Qxc3 Qe7 10. b3 e5 11. d5 Nb8 12. Nd2 e4 13. Bb2 1-0

[Event "Outaouais op"]
[Site "Hull CAN"]
[Date "2000.11.05"]
[Round "4"]
[White "Corriveau, Philippe"]
[Black "Lacroix, Serge"]
[Result "1/2-1/2"]
[WhiteElo "1903"]
[BlackElo "1980"]
[PlyCount "66"]
[EventDate "2000.11.03"]
[EventType "swiss"]
[EventRounds "5"]
[EventCountry "CAN"]

1. e4 e5 2. f4 exf4 3. Nf3 Be7 4. Bc4 Nf6 5. e5 Ng4 6. O-O d6 7. exd6 Qxd6 8.
d4 O-O 9. Nc3 Be6 10. Qd3 Bxc4 11. Qxc4 Ne3 12. Bxe3 fxe3 13. Ne5 Qe6 14. Nd5
Nc6 15. Nxc6 bxc6 16. Nxe7+ Qxe7 17. Rae1 Rfe8 18. Rf3 Qd7 19. Rfxe3 Rxe3 20.
Rxe3 Re8 21. Qd3 g6 22. c3 h5 23. Rxe8+ Qxe8 24. Kf2 Qe6 25. b3 Qf6+ 26. Qf3
Qh4+ 27. Qg3 Qe4 28. Qe3 Qc2+ 29. Kg3 Kh7 30. Qf3 f5 31. Qe3 Qd1 32. Qe7+ Kh6
33. Qf6 Kh7 1/2-1/2

[Event "Quebec-ch classe U2000"]
[Site "St-Jean CAN"]
[Date "2000.10.06"]
[Round "1"]
[White "Lacroix, Serge"]
[Black "Gilbert, Erick"]
[Result "1/2-1/2"]
[WhiteElo "1998"]
[BlackElo "1897"]
[PlyCount "104"]
[EventDate "2000.10.06"]
[EventType "swiss"]
[EventRounds "5"]
[EventCountry "CAN"]

1. e4 c5 2. Nf3 d6 3. d4 cxd4 4. Nxd4 Nf6 5. Nc3 g6 6. Be3 Bg7 7. f3 O-O 8. Bc4
Nc6 9. Qd2 Bd7 10. O-O-O Rc8 11. Bb3 Ne5 12. h4 h5 13. Bh6 Bxh6 14. Qxh6 Rxc3
15. bxc3 Qa5 16. Qe3 Rc8 17. Kb2 Nc4+ 18. Bxc4 Rxc4 19. Nb3 Qe5 20. Rd4 Rc7 21.
Qg5 Qxg5 22. hxg5 Nh7 23. f4 Nf8 24. g3 Ne6 25. Rd2 Bc6 26. Re1 b6 27. Nd4 Bd7
28. Nxe6 Bxe6 29. a4 Rc5 30. Rd4 a6 31. Rb4 b5 32. axb5 axb5 33. Rd4 Kg7 34.
Ra1 Rc7 35. Ra5 Bc4 36. f5 f6 37. gxf6+ Kxf6 38. fxg6 Kxg6 39. Ra8 Kg5 40. Rh8
Rc5 41. Rf8 Kg4 42. e5+ Kxg3 43. exd6 exd6 44. Rxd6 Rg5 45. Rd1 Rg4 46. Rh8 h4
47. Rg1+ Kh3 48. Rh1+ Kg3 49. Rh5 Rf4 50. Rg1+ Kh2 51. Rgg5 h3 52. Kc1 Rf7
1/2-1/2

[Event "Quebec-ch classe U2000"]
[Site "St-Jean CAN"]
[Date "2000.10.07"]
[Round "2"]
[White "Simard, Francois"]
[Black "Lacroix, Serge"]
[Result "1/2-1/2"]
[WhiteElo "1821"]
[BlackElo "1998"]
[Annotator "Incomplete"]
[PlyCount "60"]
[EventDate "2000.10.06"]
[EventType "swiss"]
[EventRounds "5"]
[EventCountry "CAN"]

1. d4 Nf6 2. c4 e6 3. Bg5 h6 4. Bh4 c5 5. d5 d6 6. Nc3 e5 7. e3 Be7 8. Bd3 Nxd5
9. Bxe7 Nxe7 10. Be4 a6 11. Qf3 Nbc6 12. Nd5 Nxd5 13. Bxd5 Qc7 14. Rd1 O-O 15.
Ne2 Be6 16. Nc3 Bxd5 17. Nxd5 Qa5+ 18. Nc3 Qb4 19. Qe2 Rfd8 20. a3 Qa5 21. O-O
b5 22. cxb5 axb5 23. Qxb5 Qxb5 24. Nxb5 d5 25. Nc7 Rab8 26. Nxd5 Kf8 27. Rd2
Na5 28. e4 Nc4 29. Rc2 Nxb2 30. Rxc5 Rb3 {etc.} 1/2-1/2

[Event "Quebec-ch classe U2000"]
[Site "St-Jean CAN"]
[Date "2000.10.07"]
[Round "3"]
[White "Nardone, Raul"]
[Black "Lacroix, Serge"]
[Result "1-0"]
[WhiteElo "1722"]
[BlackElo "1998"]
[PlyCount "65"]
[EventDate "2000.10.06"]
[EventType "swiss"]
[EventRounds "5"]
[EventCountry "CAN"]

1. Nf3 Nf6 2. c4 e6 3. g3 d5 4. Bg2 c5 5. O-O Nc6 6. b3 Be7 7. Bb2 O-O 8. d3 d4
9. Nbd2 h6 10. Rc1 e5 11. a3 Qc7 12. Qc2 Bf5 13. Ne4 Nxe4 14. dxe4 Bg4 15. h3
Be6 16. g4 a5 17. a4 g6 18. Qd2 Kg7 19. g5 hxg5 20. Nxg5 Bxg5 21. Qxg5 Rh8 22.
Qg3 Qd7 23. f4 Bxh3 24. f5 Bxg2 25. Kxg2 Rh5 26. f6+ Kh6 27. Rh1 g5 28. Rxh5+
Kxh5 29. Rh1+ Kg6 30. Bc1 Kxf6 31. Qxg5+ Ke6 32. Rh6+ f6 33. Qxf6# 1-0

[Event "Quebec-ch classe U2000"]
[Site "St-Jean CAN"]
[Date "2000.10.08"]
[Round "4"]
[White "Lacroix, Serge"]
[Black "Ramaswamy, Kishor"]
[Result "1-0"]
[WhiteElo "1998"]
[BlackElo "1785"]
[Annotator "Incomplete"]
[PlyCount "68"]
[EventDate "2000.10.06"]
[EventType "swiss"]
[EventRounds "5"]
[EventCountry "CAN"]

1. e4 c6 2. d4 d5 3. Nc3 dxe4 4. Nxe4 Bf5 5. Ng3 Bg6 6. h4 h6 7. h5 Bh7 8. Nf3
Nd7 9. Bd3 Bxd3 10. Qxd3 Ngf6 11. c4 Qc7 12. Bd2 e6 13. O-O-O O-O-O 14. Bc3 c5
15. Kb1 cxd4 16. Nxd4 a6 17. Nb3 Nc5 18. Qf3 Rxd1+ 19. Rxd1 Nxb3 20. axb3 Be7
21. Ne4 Nxe4 22. Qxe4 Bf6 23. Bxf6 gxf6 24. Qe3 Qc6 25. Qd4 e5 26. Qg4+ Kb8 27.
Qg7 Qe4+ 28. Ka2 Rc8 29. Qxf7 Ka7 30. Qd5 Qh4 31. Qf3 Qg5 32. Rd7 Rb8 33. Rf7
e4 34. Qxe4 Qa5+ {etc.} 1-0

[Event "Quebec-ch classe U2000"]
[Site "St-Jean CAN"]
[Date "2000.10.08"]
[Round "5"]
[White "Lacroix, Serge"]
[Black "Cardin, Guillaume"]
[Result "1-0"]
[WhiteElo "1998"]
[BlackElo "1922"]
[PlyCount "97"]
[EventDate "2000.10.06"]
[EventType "swiss"]
[EventRounds "5"]
[EventCountry "CAN"]

1. e4 c5 2. Nf3 d6 3. d4 cxd4 4. Nxd4 Nf6 5. Nc3 a6 6. Bg5 e6 7. f4 b5 8. Bxf6
gxf6 9. Qd2 Bb7 10. Bd3 Nd7 11. O-O-O h5 12. Kb1 Qc7 13. f5 e5 14. Nb3 Rc8 15.
Nd5 Bxd5 16. exd5 Nc5 17. Rhe1 Nxb3 18. axb3 Bh6 19. Qe2 Ke7 20. Be4 Qc5 21.
Rd3 a5 22. Rc3 Qd4 23. Rxc8 Rxc8 24. Qxb5 Rc7 25. Qd3 Qc5 26. Re2 a4 27. Bf3
Ra7 28. Re4 Qb6 29. Rxa4 Rc7 30. h3 Qg1+ 31. Qd1 Qf2 32. Be4 h4 33. Ka2 Be3 34.
Qd3 Bd4 35. Ra8 Qe1 36. Qb5 Ra7+ 37. Rxa7+ Bxa7 38. Qb7+ Kf8 39. Qxa7 Qxe4 40.
Qb8+ Kg7 41. Qxd6 Qxg2 42. Qc6 Qf3 43. b4 Qxf5 44. d6 Qe6+ 45. b3 e4 46. b5 e3
47. d7 e2 48. Qg2+ Kh7 49. d8=Q 1-0

[Event "Beloeil CC-ch"]
[Site "Beloeil CAN"]
[Date "2000.09.26"]
[Round "1"]
[White "Lacroix, Serge"]
[Black "Pincince, Jacques"]
[Result "1-0"]
[WhiteElo "2002"]
[BlackElo "1410"]
[PlyCount "87"]
[EventDate "2000.09.26"]
[EventType "swiss"]
[EventRounds "6"]
[EventCountry "CAN"]

1. e4 b6 2. d4 Bb7 3. Nc3 e6 4. Nf3 g6 5. Bd3 Bg7 6. Bg5 Ne7 7. Qd2 d6 8. O-O-O
a6 9. h4 b5 10. h5 h6 11. Be3 b4 12. Ne2 g5 13. Qxb4 Qc8 14. c4 Nbc6 15. Qa4
Qd7 16. d5 Ne5 17. Qxd7+ Nxd7 18. Nfd4 exd5 19. exd5 O-O 20. f4 g4 21. Ng3 c6
22. Ngf5 Nxf5 23. Bxf5 Nb8 24. Rh4 cxd5 25. Rxg4 dxc4 26. Bc2 Bc8 27. Nf5 Bxf5
28. Bxf5 Nc6 29. Rxd6 Ne7 30. Be4 Rab8 31. Bd4 f6 32. f5 Kh8 33. Rxa6 Rbd8 34.
Bc3 Rd7 35. Bc2 Nd5 36. Rxc4 Ne3 37. Rca4 Nxg2 38. Ra8 Rxa8 39. Rxa8+ Kh7 40.
Bb3 Bh8 41. Bg8+ Kg7 42. Be6 Rc7 43. Rg8+ Kh7 44. Rxg2 1-0

[Event "Beloeil CC-ch"]
[Site "Beloeil CAN"]
[Date "2000.10.17"]
[Round "4"]
[White "Lacroix, Serge"]
[Black "Prahov, Valentin"]
[Result "0-1"]
[WhiteElo "2002"]
[BlackElo "2213"]
[PlyCount "101"]
[EventDate "2000.09.26"]
[EventType "swiss"]
[EventRounds "6"]
[EventCountry "CAN"]

1. e4 c5 2. Nf3 e6 3. d4 cxd4 4. Nxd4 Nf6 5. Nc3 Nc6 6. Be3 Bb4 7. Bd3 d5 8.
Nxc6 bxc6 9. e5 d4 10. Bd2 dxc3 11. bxc3 Be7 12. exf6 Bxf6 13. Qf3 Bd7 14. O-O
O-O 15. Rab1 Qa5 16. Rb7 Rfd8 17. Rfb1 Be8 18. Qe4 g6 19. Qf4 Bxc3 20. Bxc3
Qxc3 21. h4 Qd4 22. Qh6 Qd5 23. h5 Qxh5 24. Qxh5 gxh5 25. Rc7 a5 26. Rbb7 a4
27. Be2 Ra5 28. Bc4 Rc5 29. Bd3 Ra5 30. Bc4 Rc5 31. Bd3 Rcd5 32. Ra7 c5 33. Ra5
Rd4 34. Raxc5 R4d5 35. Rc8 Rxc8 36. Rxc8 Kf8 37. Kf1 h6 38. Be4 Rd6 39. Ke1 Ke7
40. c4 Bd7 41. Rc7 Kd8 42. Rc5 Rd4 43. Bb7 h4 44. Ke2 Ke7 45. Ba6 h3 46. gxh3
Rh4 47. Bb5 Kd6 48. Bxd7 Kxc5 49. Bxa4 Kxc4 50. Be8 f5 51. Bd7 0-1

[Event "Beloeil CC-ch"]
[Site "Beloeil CAN"]
[Date "2000.10.31"]
[Round "6"]
[White "Boulay, David"]
[Black "Lacroix, Serge"]
[Result "0-1"]
[WhiteElo "2132"]
[BlackElo "2002"]
[PlyCount "68"]
[EventDate "2000.09.26"]
[EventType "swiss"]
[EventRounds "6"]
[EventCountry "CAN"]

1. e4 e5 2. Nf3 Nc6 3. d4 exd4 4. Nxd4 Nf6 5. Nxc6 bxc6 6. e5 Qe7 7. Qe2 Nd5 8.
c4 Nb6 9. b3 d5 10. exd6 cxd6 11. Bb2 f6 12. Nd2 Bg4 13. f3 Qxe2+ 14. Bxe2 Bf5
15. O-O Kf7 16. g4 Bd7 17. f4 d5 18. g5 Bh3 19. Rfd1 Bc5+ 20. Kh1 Rhe8 21. Bf3
fxg5 22. fxg5 Re3 23. Re1 Rae8 24. Rxe3 Rxe3 25. a3 dxc4 26. b4 c3 27. Bxc3
Rxc3 28. bxc5 Nd5 29. Kg1 Nf4 30. Bxc6 Rxc5 31. Be4 Rxg5+ 32. Kf2 Bf5 33. Ke3
Ng2+ 34. Kd4 Rg4 0-1

[Event "Lanaudiere"]
[Site "Repentigny CAN"]
[Date "2000.08.18"]
[Round "1"]
[White "Miron, Alexandre"]
[Black "Lacroix, Serge"]
[Result "0-1"]
[WhiteElo "1772"]
[BlackElo "2000"]
[PlyCount "52"]
[EventDate "2000.08.18"]
[EventType "swiss"]
[EventRounds "5"]
[EventCountry "CAN"]

1. e4 e5 2. Nf3 Nc6 3. d4 exd4 4. Bc4 Nf6 5. O-O Nxe4 6. Re1 d5 7. Bxd5 Qxd5 8.
Nc3 Qa5 9. Nxe4 Be6 10. Neg5 O-O-O 11. Nxe6 fxe6 12. Rxe6 Bd6 13. Bg5 Rde8 14.
Qe2 Kd7 15. Rxe8 Rxe8 16. Qc4 Ne5 17. Nxe5+ Qxe5 18. f4 Qe3+ 19. Kf1 h6 20.
Qf7+ Kc8 21. Bh4 Rf8 22. Bf2 Qxf2+ 23. Kxf2 Rxf7 24. g3 g5 25. Re1 gxf4 26.
gxf4 Bxf4 0-1

[Event "Lanaudiere"]
[Site "Repentigny CAN"]
[Date "2000.10.14"]
[Round "1"]
[White "Senecal, Jean-Pierre"]
[Black "Lacroix, Serge"]
[Result "0-1"]
[WhiteElo "1581"]
[BlackElo "1786"]
[PlyCount "58"]
[EventDate "2000.08.18"]
[EventType "swiss"]
[EventRounds "5"]
[EventCountry "CAN"]

1. e4 e5 2. c3 Nf6 3. Nf3 d5 4. exd5 Qxd5 5. Qe2 Be7 6. Qxe5 Bg4 7. Qxd5 Nxd5
8. Ne5 Bh5 9. d4 f6 10. Bc4 Nb6 11. g4 fxe5 12. Be6 Bf7 13. d5 Nxd5 14. Bc8 Nd7
15. Bxb7 Rb8 16. Bc6 Rb6 17. Ba4 Kd8 18. Nd2 Nc5 19. Bc2 Nf4 20. b3 Bd5 21. f3
Bh4+ 22. Kf1 h5 23. Bf5 g6 24. Be4 Bxe4 25. fxe4 Rd6 26. Ba3 Rxd2 27. Bxc5 Nd3
28. Be3 Rf8+ 29. Kg1 Bf2+ 0-1

[Event "Lanaudiere"]
[Site "Repentigny CAN"]
[Date "2000.08.19"]
[Round "2"]
[White "Lacroix, Serge"]
[Black "Schleifer, Michael"]
[Result "0-1"]
[WhiteElo "2000"]
[BlackElo "2405"]
[PlyCount "51"]
[EventDate "2000.08.18"]
[EventType "swiss"]
[EventRounds "5"]
[EventCountry "CAN"]

1. e4 e6 2. d4 d5 3. Nc3 Bb4 4. e5 Ne7 5. f4 c5 6. Nf3 Nbc6 7. dxc5 Bxc5 8. Bd3
a6 9. Qe2 b5 10. Be3 Bxe3 11. Qxe3 d4 12. Nxd4 Qxd4 13. Qg3 b4 14. Ne4 Nf5 15.
Nd6+ Nxd6 16. exd6 Qxb2 17. O-O O-O 18. Rad1 Bd7 19. Qh4 g6 20. Rf3 Qg7 21.
Rdf1 f5 22. g4 Qd4+ 23. R1f2 fxg4 24. Qxg4 Ne5 25. Qg3 Nxf3+ 26. Qxf3 0-1